Lectures on Physics

Bewaard in:
Bibliografische gegevens
Hoofdauteur: Feynman, Richard Phillips (Auteur)
Formaat: Boek
Taal:Engels
Gepubliceerd in: Reading Addison-Wesley 1964
Onderwerpen:
Tags: Voeg label toe
Geen labels, Wees de eerste die dit record labelt!

MARC

LEADER 00000nam a2200000 a 4500
001 UCH1720
003 CL-VaPUC
008 090507e19640000US |||||||||||||||||eng|d
082 0 4 |a 530  |b FEY  |2 21 
100 0 |a Feynman, Richard Phillips  |e author  |9 340476 
245 1 0 |a Lectures on Physics 
300 |a v 
942 |c BK 
945 |d 20090507 00:00:00  |a dcastane 
260 |a Reading  |b Addison-Wesley   |c 1964 
650 0 |a Física   |9 227844 
650 7 |a EJERCICIOS Y PROBLEMAS  |2 CL-VaPUC  |9 422077 
583 |a last modification  |c 20090507 00:00:00  |k Rodrigo Vera 
999 |c 333635  |d 333633